Top 10 countries with the most wild rhinos - Statistics

General Stats
  • This quiz has been taken 34 times
  • The average score is 8 of 11
Answer Stats
Hint Answer % Correct
16,056 South Africa
100%
212 Tanzania
100%
265 Botswana
97%
1,811 Kenya
93%
3,612 Namibia
93%
1,033 Zimbabwe
93%
3,262 India
83%
752 Nepal
57%
146 Eswatini
53%
97 Indonesia
50%
Total 28,000
7%
No matching quizzes found
Score Distribution
Percent of People with Each Score
Percentile by Number Answered
Your Score History
You have not taken this quiz